[Event "Olexuv memorial 2015"]
[Site "?"]
[Date "2015.12.28"]
[Round "5.5"]
[White "Borovicka, Bohumil"]
[Black "Vavrousek, Petr"]
[Result "1-0"]
[WhiteElo "2019"]
[BlackElo "1739"]
[PlyCount "37"]
[EventDate "2015.??.??"]
[SourceDate "2015.12.29"]

1. d4 d5 2. Nc3 Nf6 3. Bg5 e6 4. Nf3 Nbd7 5. e4 dxe4 6. Nxe4 Be7 7. Nxf6+ Nxf6
8. Bd3 Nd5 9. Bxe7 Qxe7 10. O-O O-O 11. c4 Nf6 12. Re1 c6 13. Qe2 Qc7 14. Ne5
Rd8 15. Rad1 Nd7 16. Bxh7+ Kxh7 17. Qh5+ Kg8 18. Qxf7+ Kh8 19. Re3 1-0

[Event "Olexuv memorial 2015"]
[Site "?"]
[Date "2015.12.28"]
[Round "5.6"]
[White "Krejci, Petr"]
[Black "Hala, Pavel"]
[Result "1-0"]
[WhiteElo "1972"]
[BlackElo "1730"]
[PlyCount "77"]
[EventDate "2015.??.??"]
[SourceDate "2015.12.29"]

1. Nf3 d6 2. d4 e6 3. g3 b6 4. Bg2 Bb7 5. O-O h6 6. c4 Nf6 7. Nc3 a6 8. Re1 Be7
9. e4 Nbd7 10. d5 e5 11. Nh4 Bc8 12. Nf5 Bf8 13. Qa4 g6 14. Nh4 Bg7 15. f4 O-O
16. f5 g5 17. Nf3 Nc5 18. Qd1 Bd7 19. b4 Nb7 20. Be3 a5 21. b5 Ng4 22. Bd2 Nc5
23. h4 gxh4 24. Nxh4 Nf6 25. Be3 Kh7 26. Kf2 Rh8 27. Rh1 Kg8 28. Qe2 Qe8 29.
Bf3 Kf8 30. g4 Ng8 31. Qd2 Qe7 32. g5 hxg5 33. Bxg5 Nf6 34. Ng2 Ke8 35. Rxh8+
Bxh8 36. Rh1 Bg7 37. Bh6 Qf8 38. Qg5 Bxh6 39. Rxh6 1-0

[Event "Olexuv memorial 2015"]
[Site "?"]
[Date "2015.12.28"]
[Round "5.7"]
[White "Spodny, Josef"]
[Black "Fryda, Dominik"]
[Result "1/2-1/2"]
[WhiteElo "1926"]
[BlackElo "1677"]
[PlyCount "68"]
[EventDate "2015.??.??"]
[SourceDate "2015.12.29"]

1. e4 e6 2. d4 d5 3. e5 c5 4. c3 Nc6 5. Nf3 Nge7 6. Na3 Nf5 7. Nc2 Be7 8. Bd3
Bd7 9. O-O Qb6 10. Bxf5 exf5 11. dxc5 Bxc5 12. b4 Be7 13. Ne3 Be6 14. Nxd5 Bxd5
15. Qxd5 O-O 16. Qd3 g6 17. Be3 Qc7 18. Qc4 Rac8 19. Qf4 Rfe8 20. b5 Na5 21.
Bd4 Nc4 22. Rfe1 Na3 23. b6 axb6 24. h4 Nc2 25. h5 Nxa1 26. Rxa1 Bc5 27. Qh6
Bf8 28. Qe3 Bg7 29. hxg6 fxg6 30. Rb1 Re6 31. Rb3 Qe7 32. Qd3 Ra8 33. Qc4 Kh8
34. Rxb6 Rxb6 1/2-1/2

[Event "Olexuv memorial 2015"]
[Site "?"]
[Date "2015.12.28"]
[Round "5.8"]
[White "Hladky, Jiri"]
[Black "Pokora, Lubomir"]
[Result "0-1"]
[WhiteElo "1000"]
[BlackElo "1875"]
[PlyCount "72"]
[EventDate "2015.??.??"]
[SourceDate "2015.12.29"]

1. e4 c5 2. Nf3 a6 3. Bc4 e6 4. d4 cxd4 5. e5 Ne7 6. O-O Ng6 7. Re1 Qc7 8. Qd3
Nc6 9. c3 Ncxe5 10. Nxe5 Nxe5 11. Rxe5 Qxe5 12. cxd4 Qe1+ 13. Qf1 Qxf1+ 14.
Kxf1 b5 15. Bb3 d6 16. Be3 Be7 17. Nd2 Bb7 18. Rc1 Kd7 19. a4 Rhc8 20. Rd1 f5
21. Nf3 Bxf3 22. gxf3 g5 23. f4 g4 24. d5 e5 25. fxe5 dxe5 26. Ke2 h5 27. Bb6
Bc5 28. Ba5 Bd4 29. Rd2 Rc1 30. Kd3 Rf1 31. Rc2 Rc8 32. axb5 axb5 33. d6 Rxc2
34. Bxc2 Rxf2 35. Bb3 Kxd6 36. Bb4+ Bc5 0-1

[Event "Olexuv memorial 2015"]
[Site "?"]
[Date "2015.12.28"]
[Round "5.9"]
[White "Doskar"]
[Black "Divis"]
[Result "1/2-1/2"]
[WhiteElo "1705"]
[BlackElo "1632"]
[PlyCount "40"]
[EventDate "2015.??.??"]
[SourceDate "2015.12.29"]

1. Nf3 Nf6 2. d4 d5 3. g3 c6 4. Bg2 Bf5 5. O-O e6 6. b3 Be7 7. Bb2 h6 8. c4 O-O
9. Nc3 Ne4 10. Nd2 Nxc3 11. Bxc3 Na6 12. c5 e5 13. e3 e4 14. f3 exf3 15. Nxf3
Be4 16. Qd2 Qe8 17. Rf2 Nc7 18. a4 Ne6 19. Re1 f5 20. Qe2 Bxf3 1/2-1/2

[Event "Olexuv memorial 2015"]
[Site "?"]
[Date "2015.12.28"]
[Round "5.11"]
[White "Kandalec, Stefan"]
[Black "Hotar"]
[Result "1-0"]
[WhiteElo "1678"]
[BlackElo "1574"]
[PlyCount "53"]
[EventDate "2015.??.??"]
[SourceDate "2015.12.29"]

1. e4 e5 2. Nf3 Nc6 3. Bc4 Nf6 4. d4 Nxd4 5. Bxf7+ Kxf7 6. Nxe5+ Ke8 7. Qxd4
Qe7 8. O-O d6 9. Nd3 c5 10. Qa4+ Bd7 11. Qb3 Bc6 12. Nc3 Kd8 13. Bg5 h6 14.
Bxf6 gxf6 15. Rad1 b6 16. Nf4 Bxe4 17. Nxe4 Qxe4 18. Ne6+ Kd7 19. Qb5+ Qc6 20.
Qc4 Be7 21. Rfe1 Rac8 22. Nf4 Rh7 23. Qe6+ Kc7 24. Nd5+ Kb7 25. Nxe7 Re8 26.
Nxc6 Rxe6 27. Nd8+ 1-0

[Event "Olexuv memorial 2015"]
[Site "?"]
[Date "2015.12.28"]
[Round "5.12"]
[White "Tancerova, Marie"]
[Black "Hladky, Tadeas"]
[Result "1/2-1/2"]
[WhiteElo "1350"]
[BlackElo "1000"]
[PlyCount "81"]
[EventDate "2015.??.??"]
[SourceDate "2015.12.29"]

1. e4 Nc6 2. Nf3 e6 3. Nc3 Bc5 4. Bc4 Nf6 5. O-O O-O 6. d3 d5 7. exd5 exd5 8.
Bb3 Bf5 9. Bg5 d4 10. Ne2 Qd6 11. Bf4 Qd7 12. Ba4 Qe7 13. Bxc6 bxc6 14. Nfxd4
Bxd4 15. Nxd4 Bg4 16. f3 Bh5 17. Nxc6 Qc5+ 18. Kh1 Qxc6 19. Qd2 Nd5 20. Bg3
Rfe8 21. c4 Nb6 22. b4 Rad8 23. c5 Na4 24. d4 Rd7 25. Bf2 Bg6 26. Qc1 Re2 27.
Qa3 Nb2 28. Qxa7 h6 29. Rae1 Bd3 30. Rxe2 Bxe2 31. Re1 Re7 32. Rb1 Nd3 33. Bg3
Bxf3 34. Kg1 Bxg2 35. Qb8+ Kh7 36. Qc8 Bh1 37. Qh3 Re2 38. Qf5+ g6 39. Qxf7+
Kh8 40. Qf8+ Kh7 41. Qf7+ 1/2-1/2

[Event "Olexuv memorial 2015"]
[Site "?"]
[Date "2015.12.28"]
[Round "5.13"]
[White "Schoebel, Thomas"]
[Black "Machac, Petr"]
[Result "0-1"]
[WhiteElo "1435"]
[BlackElo "1289"]
[PlyCount "34"]
[EventDate "2015.??.??"]
[SourceDate "2015.12.29"]

1. e4 e5 2. Nf3 Nc6 3. Nc3 Nf6 4. Bb5 Nd4 5. Bc4 Bc5 6. Nxe5 Qe7 7. Bxf7+ Kd8
8. f4 d6 9. Ng6 hxg6 10. Bxg6 Bg4 11. d3 Bxd1 12. Kxd1 Ng4 13. Kd2 Qh4 14. Ne2
Nxe2 15. Kxe2 Qf2+ 16. Kd1 Ne3+ 17. Bxe3 Bxe3 0-1

[Event "Olexuv memorial 2015"]
[Site "?"]
[Date "2015.12.28"]
[Round "5.14"]
[White "Brda, Vlastimil"]
[Black "Koci, Milos"]
[Result "0-1"]
[WhiteElo "1244"]
[BlackElo "1285"]
[PlyCount "63"]
[EventDate "2015.??.??"]
[SourceDate "2015.12.29"]

1. e4 c5 2. Bc4 e6 3. Nc3 Qc7 4. Qf3 a6 5. a4 Nf6 6. d3 d6 7. Bg5 Nbd7 8. Nge2
Be7 9. Nf4 O-O 10. Nh5 Rb8 11. O-O b6 12. Rfe1 Bb7 13. Rac1 Kh8 14. Ne2 Ne5 15.
Qh3 Ned7 16. f4 h6 17. Neg3 Kg8 18. Bh4 Rfe8 19. e5 dxe5 20. fxe5 Nxh5 21. Bxe7
Rxe7 22. Qxh5 Qc6 23. Re2 Nf8 24. Ne4 Ng6 25. Rf1 Kh8 26. Ng5 Kg8 27. Nf3 Nf4
28. Nd4 Nxe2+ 29. Kf2 Qxg2+ 30. Ke1 Nxd4 31. Qd1 Nf3+ 32. Rxf3 0-1

[Event "Olexuv memorial 2015"]
[Site "?"]
[Date "2015.12.28"]
[Round "5.2"]
[White "Licka, Vlastimil"]
[Black "Straka, Vojtech"]
[Result "1/2-1/2"]
[WhiteElo "1939"]
[BlackElo "1782"]
[PlyCount "135"]
[EventDate "2015.??.??"]
[SourceDate "2015.12.29"]

1. e4 e5 2. Nf3 Nf6 3. Nc3 Nc6 4. d4 exd4 5. Nxd4 d6 6. Nxc6 bxc6 7. Be2 Be7 8.
O-O O-O 9. Bf4 Nd7 10. Qd2 Bf6 11. Rad1 Qe7 12. Bg3 Nc5 13. f3 Ne6 14. f4 Nc5
15. Bf3 Bb7 16. Rfe1 Rad8 17. Bf2 Bxc3 18. Qxc3 Na4 19. Qb4 Nb6 20. b3 c5 21.
Qc3 f6 22. a4 Qf7 23. a5 Nc8 24. Qd2 Qg6 25. f5 Qe8 26. c4 Ne7 27. b4 cxb4 28.
Qxb4 Ba8 29. Qc3 Nc6 30. c5 Qe5 31. Qc4+ Kh8 32. a6 h6 33. cxd6 cxd6 34. Bg3
Qe7 35. Qe6 Qxe6 36. fxe6 Rfe8 37. Bg4 Ne5 38. Bxe5 fxe5 39. Bf5 g6 40. Bh3 Kg7
41. Rd2 Re7 42. Kf2 Bc6 43. Rc2 Bb5 44. Rec1 Bxa6 45. Rc7 Rde8 46. Rd7 Kf6 47.
Rxd6 Bc8 48. Ke3 Bxe6 49. Rf1+ Kg7 50. Bxe6 Rxe6 51. Rd7+ R8e7 52. Rfd1 Kf7 53.
Rf1+ Rf6 54. Rfd1 Ra6 55. R7d6 Re6 56. Rd7+ Kf6 57. R1d3 Ra2 58. Kf3 a5 59. h4
Rb6 60. R7d6+ Rxd6 61. Rxd6+ Kf7 62. Rd7+ Ke6 63. Ra7 Ra3+ 64. Kf2 h5 65. Ra6+
Kf7 66. Ra7+ Ke6 67. Ra6+ Kf7 68. Ra7+ 1/2-1/2

[Event "Olexuv memorial 2015"]
[Site "?"]
[Date "2015.12.28"]
[Round "5.10"]
[White "Zikan, Karel"]
[Black "Glacner, Karel"]
[Result "1-0"]
[WhiteElo "1710"]
[BlackElo "1577"]
[PlyCount "163"]
[EventDate "2015.??.??"]
[SourceDate "2015.12.29"]

1. d4 Nf6 2. Nf3 d5 3. c4 e6 4. Bg5 h6 5. Bh4 g5 6. Bg3 Bg7 7. e3 g4 8. Ne5
Nbd7 9. Nxg4 Ne4 10. Nc3 Nxg3 11. hxg3 c6 12. Bd3 Nf6 13. Nxf6+ Qxf6 14. Qf3 b6
15. Qxf6 Bxf6 16. cxd5 exd5 17. Kd2 Bg7 18. Rac1 Rb8 19. b3 Ke7 20. Ne2 Kd6 21.
Nf4 Be6 22. Nh5 Bf8 23. Nf4 Bd7 24. f3 Bg7 25. Nh5 Bf8 26. Nf6 Be6 27. e4 Be7
28. e5+ Kc7 29. Nh5 Rbg8 30. Ke2 Kb7 31. Kf2 Ba3 32. Rce1 Bb2 33. Ke3 c5 34.
dxc5 bxc5 35. g4 Bxe5 36. Nf4 Bc3 37. Nxe6 Re8 38. Re2 Rxe6+ 39. Kf2 Rxe2+ 40.
Kxe2 Re8+ 41. Kd1 Re6 42. Rh5 Kc6 43. Bf5 Re1+ 44. Kc2 Bg7 45. Bd3 Ra1 46. a4
Ra2+ 47. Kd1 Rxg2 48. Be2 Rg1+ 49. Kc2 Re1 50. Kd2 Rb1 51. Bd1 Rb2+ 52. Kc1 Rg2
53. Rh1 Kd7 54. Rh5 Ke6 55. Bc2 Rg1+ 56. Bd1 Kd6 57. Rh2 Kc6 58. Kc2 Re1 59.
Kd2 Re6 60. Be2 Be5 61. Bb5+ Kb6 62. Rh5 Bf4+ 63. Kc2 d4 64. Rf5 Bg5 65. Rxf7
Rf6 66. Bc4 Rxf7 67. Bxf7 Ka5 68. Kd3 Kb4 69. Ke4 Kc3 70. Bc4 Kc2 71. f4 Be7
72. a5 Kc3 73. a6 Bf6 74. Kf5 d3 75. Kxf6 d2 76. Be2 Kc2 77. g5 hxg5 78. fxg5
Kxb3 79. g6 c4 80. g7 c3 81. g8=Q+ Kb2 82. Bd1 1-0

[Event "Olexuv memorial 2015"]
[Site "?"]
[Date "2015.12.29"]
[Round "6.1"]
[White "Straka, Vojtech"]
[Black "Micka, Norbert"]
[Result "1/2-1/2"]
[WhiteElo "1782"]
[BlackElo "1816"]
[PlyCount "56"]
[EventDate "2015.??.??"]
[SourceDate "2015.12.29"]

1. e4 e6 2. d4 d5 3. exd5 exd5 4. Nc3 Bb4 5. Nf3 Nc6 6. a3 Bxc3+ 7. bxc3 Bg4 8.
Be2 Nge7 9. O-O Qd7 10. Rb1 b6 11. Re1 O-O 12. h3 Bf5 13. Bf4 Ng6 14. Bg3 Na5
15. Bd3 Bxd3 16. cxd3 f6 17. Qd2 Rfe8 18. Re3 Rxe3 19. fxe3 Re8 20. Re1 c6 21.
e4 dxe4 22. dxe4 Nc4 23. Qa2 Qf7 24. a4 Ne7 25. Re2 Na5 26. Qxf7+ Kxf7 27. Rf2
Kg8 28. Nd2 Ng6 1/2-1/2

[Event "Olexuv memorial 2015"]
[Site "?"]
[Date "2015.12.29"]
[Round "6.2"]
[White "Fiala, Vaclav"]
[Black "Licka, Vlastimil"]
[Result "0-1"]
[WhiteElo "2274"]
[BlackElo "1939"]
[PlyCount "57"]
[EventDate "2015.??.??"]

1. e4 d6 2. d4 Nf6 3. Nc3 g6 4. Be2 c6 5. Bg5 Bg7 6. Qd2 Nbd7 7. Bh6 Bxh6 8.
Qxh6 Qa5 9. Bf3 Nb6 10. Nge2 Na4 11. O-O Nxc3 12. Nxc3 Be6 13. Rfe1 O-O-O 14.
d5 Bd7 15. a3 Rdg8 16. b4 Qb6 17. Qd2 g5 18. e5 g4 19. exf6 gxf3 20. g3 e6 21.
dxe6 Bxe6 22. Qxd6 Rd8 23. Qf4 h5 24. Rad1 Rxd1 25. Rxd1 h4 26. Ne4 Bd5 27.
Nd6+ Kd7 28. Nxf7 hxg3 29. Nxh8 0-1

[Event "Olexuv memorial 2015"]
[Site "?"]
[Date "2015.12.29"]
[Round "6.3"]
[White "Effenberger, Adam"]
[Black "Borovicka, Bohumil"]
[Result "0-1"]
[WhiteElo "1839"]
[BlackElo "2019"]
[PlyCount "88"]
[EventDate "2015.??.??"]
[SourceDate "2015.12.29"]

1. e4 d5 2. exd5 Qxd5 3. Nf3 Bg4 4. Be2 Nc6 5. d4 e5 6. dxe5 Bxf3 7. Bxf3 Qxe5+
8. Qe2 Qxe2+ 9. Bxe2 O-O-O 10. Bg4+ Kb8 11. O-O Nf6 12. Bf5 g6 13. Bh3 Nd4 14.
Bg5 Bg7 15. Na3 h6 16. Be3 Nd5 17. c3 Nc6 18. Rad1 Nxe3 19. fxe3 Ne5 20. Rd4 c5
21. Rdf4 f5 22. R4f2 Rd3 23. e4 fxe4 24. Re2 e3 25. Rfe1 Rhd8 26. Rxe3 Rxe3 27.
Rxe3 Rd1+ 28. Kf2 Rd2+ 29. Re2 Nd3+ 30. Ke3 Rxe2+ 31. Kxe2 Nxb2 32. Nb1 Kc7 33.
Be6 Kd6 34. Bb3 b5 35. Nd2 c4 36. Bc2 g5 37. Ne4+ Kd5 38. Ke3 a5 39. g3 b4 40.
Kd2 b3 41. axb3 cxb3 42. Bb1 Nc4+ 43. Kc1 a4 44. Nd2 Nxd2 0-1

[Event "Olexuv memorial 2015"]
[Site "?"]
[Date "2015.12.29"]
[Round "6.4"]
[White "Pokora, Lubomir"]
[Black "Veznik, Michael"]
[Result "1/2-1/2"]
[WhiteElo "1875"]
[BlackElo "1773"]
[PlyCount "91"]
[EventDate "2015.??.??"]
[SourceDate "2015.12.29"]

1. e4 g6 2. d4 Bg7 3. Nc3 d6 4. Be3 c6 5. Qd2 b5 6. Bd3 Nd7 7. f4 e5 8. Nf3 Ne7
9. O-O O-O 10. Ne2 Qc7 11. c3 Bb7 12. f5 d5 13. Ng3 dxe4 14. Bxe4 exd4 15. cxd4
Nf6 16. Bc2 Rad8 17. Bf4 Qb6 18. Bb3 c5 19. dxc5 Qxc5+ 20. Qe3 Qxe3+ 21. Bxe3
a5 22. Bb6 Ra8 23. Bc5 Rfe8 24. fxg6 hxg6 25. Ng5 Ned5 26. Bd4 Ra6 27. a4 bxa4
28. Bxa4 Rc8 29. Bb5 Raa8 30. Rac1 Rxc1 31. Rxc1 Bh6 32. h4 Ng4 33. Re1 f6 34.
Ne6 Nde3 35. Re2 Rc8 36. Nc5 Bd5 37. Bd7 Rd8 38. Bc3 Bf4 39. Nf1 Bc4 40. Be6+
Bxe6 41. Nxe6 Rd1 42. Re1 Rxe1 43. Bxe1 Be5 44. Bxa5 Bxb2 45. Nxe3 Nxe3 46. Bb6
1/2-1/2

[Event "Olexuv memorial 2015"]
[Site "?"]
[Date "2015.12.29"]
[Round "6.5"]
[White "Snorek, Milan"]
[Black "Krejci, Petr"]
[Result "0-1"]
[WhiteElo "2048"]
[BlackElo "1773"]
[PlyCount "102"]
[EventDate "2015.??.??"]
[SourceDate "2015.12.29"]

1. d4 d5 2. c4 dxc4 3. Nf3 Nf6 4. g3 c6 5. Bg2 Bf5 6. O-O Nbd7 7. Nc3 e6 8. Nh4
Bg6 9. e4 Be7 10. Nxg6 hxg6 11. Qe2 Nb6 12. e5 Nfd5 13. Ne4 Qc7 14. a4 a5 15.
Bd2 Nb4 16. Nc5 Nc2 17. Qe4 Nxa1 18. Rxa1 Nd5 19. Qe2 b6 20. Ne4 b5 21. axb5
cxb5 22. b3 O-O 23. Rc1 Rfc8 24. bxc4 bxc4 25. Nc3 Qd7 26. Nxd5 exd5 27. Qf3
Rd8 28. h4 a4 29. Kh2 a3 30. Bh3 Qc6 31. Bc3 a2 32. Ba1 Ra3 33. Qe2 Rb8 34. e6
f5 35. h5 Bg5 36. f4 Qd6 37. hxg6 Bxf4 38. Qh5 Bh6 39. Rg1 f4 40. e7 Re3 41.
Bg2 Rxe7 42. Bxd5+ Kh8 43. Bxc4 fxg3+ 44. Kg2 Rb1 45. Qf3 Qb8 46. Rf1 Rxf1 47.
Qxf1 Re8 48. Bf7 Rc8 49. Qf5 Rc1 50. Be6 Rxa1 51. Bc8 Qf4 0-1

[Event "Olexuv memorial 2015"]
[Site "?"]
[Date "2015.12.29"]
[Round "6.7"]
[White "Vavrousek, Petr"]
[Black "Doskar, Miloslav"]
[Result "1-0"]
[WhiteElo "1739"]
[BlackElo "1705"]
[PlyCount "117"]
[SourceDate "2015.12.30"]

1. e4 e5 2. Nf3 Nc6 3. Bb5 a6 4. Bxc6 dxc6 5. O-O Bg4 6. h3 Bxf3 7. Qxf3 Nf6 8.
d3 Qd7 9. Nd2 Qe6 10. Nc4 Nd7 11. Bg5 f6 12. Bh4 O-O-O 13. a3 Bc5 14. Rfc1 g5
15. Bg3 h5 16. b4 Ba7 17. Ne3 Bxe3 18. Qxe3 h4 19. Bh2 g4 20. hxg4 Qxg4 21. f3
Qg6 22. c4 Rdg8 23. Rc2 Kb8 24. d4 Rh5 25. Kf1 Rg5 26. Raa2 Qf7 27. d5 cxd5 28.
cxd5 Rc8 29. a4 b6 30. a5 Kb7 31. Rc6 Qf8 32. Qc3 Nb8 33. axb6 cxb6 34. Rxc8
Qxc8 35. Qxc8+ Kxc8 36. f4 exf4 37. Bxf4 Rg4 38. Rf2 Nd7 39. Ke2 Ne5 40. Ke3
Rg3+ 41. Ke2 Rb3 42. Bxe5 fxe5 43. Rf5 Rxb4 44. Rxe5 a5 45. Kd3 b5 46. Rh5 Rb2
47. Rxh4 Rxg2 48. e5 Rg3+ 49. Kd4 Ra3 50. Kc5 b4 51. Kd6 Rg3 52. Kc6 Kd8 53.
Rh8+ Ke7 54. Rh7+ Kd8 55. Ra7 b3 56. Rxa5 b2 57. Rb5 Rg2 58. Kd6 Kc8 59. e6 1-0

[Event "Olexuv memorial 2015"]
[Site "?"]
[Date "2015.12.29"]
[Round "6.8"]
[White "Fryda, Dominik"]
[Black "Zikan, Karel"]
[Result "1/2-1/2"]
[WhiteElo "1677"]
[BlackElo "1710"]
[PlyCount "48"]
[SourceDate "2015.12.30"]

1. f4 d5 2. Nf3 g6 3. e3 Bg7 4. Be2 c5 5. d3 Nc6 6. Nc3 e6 7. O-O Nf6 8. Bd2
O-O 9. Qe1 b6 10. a3 Bb7 11. Ne5 d4 12. Nxc6 Bxc6 13. exd4 Qxd4+ 14. Qf2 Qxf2+
15. Rxf2 Rad8 16. Rd1 Nd5 17. Nxd5 Bxd5 18. c3 Rd7 19. Be3 Rfd8 20. Bf1 Bc4 21.
Rfd2 Bb3 22. Re1 Bc4 23. Red1 Bb3 24. Re1 Bc4 1/2-1/2

[Event "Olexuv memorial 2015"]
[Site "?"]
[Date "2015.12.29"]
[Round "6.9"]
[White "Hala, Pavel"]
[Black "Divis, Jan"]
[Result "1/2-1/2"]
[WhiteElo "1730"]
[BlackElo "1632"]
[PlyCount "111"]
[SourceDate "2015.12.30"]

1. c4 c5 2. Nc3 Nc6 3. e4 e5 4. g3 Nf6 5. Bg2 d6 6. d3 Be7 7. h3 h6 8. Nge2 Bd7
9. b3 a6 10. f4 Rb8 11. O-O b5 12. cxb5 axb5 13. f5 Nd4 14. g4 Bc6 15. Nxd4
cxd4 16. Ne2 d5 17. Ng3 dxe4 18. dxe4 Qb6 19. Kh2 Qb7 20. Qf3 Bb4 21. Bb2 Bd2
22. Kh1 b4 23. Bc1 Bc3 24. Rb1 Rd8 25. g5 hxg5 26. Bxg5 d3 27. Bxf6 gxf6 28.
Rfd1 d2 29. Nf1 Rd4 30. Ng3 Ke7 31. Kh2 Qd7 32. Qe3 Bb5 33. Ne2 Rd3 34. Qc5+
Ke8 35. Ng3 Rd6 36. Bf1 Bxf1 37. Nxf1 Rd3 38. Ng3 Rh4 39. Qb6 Ke7 40. Qc5+ Qd6
41. Qa7+ Qd7 42. Qc5+ Ke8 43. Qb6 Rd6 44. Qc5 Rc6 45. Qe3 Ke7 46. Nh1 Qd4 47.
Qxd4 exd4 48. Nf2 Ra6 49. Kg3 Rh7 50. h4 Rxa2 51. Rh1 Rg7+ 52. Ng4 Rg8 53. h5
Ra1 54. Kf3 Rxb1 55. Rxb1 Rh8 56. Ke2 1/2-1/2

[Event "Olexuv memorial 2015"]
[Site "?"]
[Date "2015.12.29"]
[Round "6.10"]
[White "Machac, Petr"]
[Black "Kandalec, Stefan"]
[Result "0-1"]
[WhiteElo "1289"]
[BlackElo "1678"]
[PlyCount "92"]
[SourceDate "2015.12.30"]

1. e4 e5 2. Nf3 Nc6 3. Bc4 Nf6 4. Nc3 d6 5. h3 Be7 6. O-O O-O 7. d4 exd4 8.
Nxd4 Nxd4 9. Qxd4 c6 10. Bf4 Be6 11. Be2 Qc7 12. Rad1 Rfd8 13. Rfe1 Rd7 14. Qe3
Qa5 15. a3 Rad8 16. Qg3 Nh5 17. Bxh5 Qxh5 18. e5 d5 19. b4 a5 20. Rb1 axb4 21.
axb4 d4 22. Ne4 d3 23. cxd3 Rxd3 24. Qh2 Rd1 25. Nd6 Rxb1 26. Rxb1 Qe2 27. Qg3
Qh5 28. Qe3 Bd5 29. Ra1 Qg6 30. Qg3 Qxg3 31. Bxg3 Rd7 32. Ra8+ Bf8 33. f4 g6
34. Bf2 f6 35. Bc5 b6 36. Bxb6 c5 37. Ra5 fxe5 38. Rxc5 Rxd6 39. Bc7 Rd7 40.
Rc1 Bxb4 41. fxe5 Bd2 42. Rc2 Bf4 43. Bd6 Be3+ 44. Kh1 Rf7 45. Re2 Rf1+ 46. Kh2
Bf4+ 0-1

[Event "Olexuv memorial 2015"]
[Site "?"]
[Date "2015.12.29"]
[Round "6.11"]
[White "Hotar, Petr"]
[Black "Hladky, Jiri"]
[Result "0-1"]
[WhiteElo "1574"]
[BlackElo "1000"]
[PlyCount "76"]
[SourceDate "2015.12.30"]

1. e4 e6 2. d4 d5 3. e5 c5 4. Nf3 Nc6 5. c3 Qb6 6. Be2 Bd7 7. O-O Nh6 8. dxc5
Bxc5 9. b4 Be7 10. Bxh6 gxh6 11. Qd2 Qc7 12. Qxh6 Nxe5 13. Qg7 Nxf3+ 14. Bxf3
O-O-O 15. Qxf7 Bd6 16. h3 Kb8 17. Bg4 e5 18. Bxd7 Qxd7 19. Qxd5 Qg7 20. Qe4
Rhg8 21. g4 Rdf8 22. f3 Rf4 23. Qe2 h5 24. Nd2 Bc7 25. c4 Qf6 26. Ne4 Qh4 27.
Kg2 hxg4 28. hxg4 Rfxg4+ 29. fxg4 Rxg4+ 30. Kf3 Rf4+ 31. Kg2 Rg4+ 32. Kf3 Qh3+
33. Kf2 Rg2+ 34. Ke1 Rxe2+ 35. Kxe2 Qh5+ 36. Kd3 Qh3+ 37. Kc2 Qg2+ 38. Nd2 e4
0-1

[Event "Olexuv memorial 2015"]
[Site "?"]
[Date "2015.12.29"]
[Round "6.12"]
[White "Tancerova, Marie"]
[Black "Koci, Milos"]
[Result "1/2-1/2"]
[WhiteElo "1350"]
[BlackElo "1285"]
[PlyCount "40"]
[EventDate "2015.??.??"]
[SourceDate "2015.12.30"]

1. e4 c5 2. Nf3 e6 3. d4 cxd4 4. Nxd4 a6 5. Nc3 d6 6. Be2 Nf6 7. O-O Nbd7 8.
Be3 Qc7 9. Qd2 Be7 10. a3 b6 11. h3 Bb7 12. Bd3 O-O 13. Rfe1 Rfe8 14. Rad1 Rac8
15. Qe2 Ra8 16. Nf3 Bf8 17. Bd2 Ne5 18. Nxe5 dxe5 19. Bg5 Be7 20. Bc4 b5
1/2-1/2

[Event "Olexuv memorial 2015"]
[Site "?"]
[Date "2015.12.29"]
[Round "6.113"]
[White "Hladky, Tadeas"]
[Black "Brda, Vlastimil"]
[Result "0-1"]
[WhiteElo "1000"]
[BlackElo "1333"]
[PlyCount "104"]
[SourceDate "2015.12.30"]

1. e4 e5 2. Nf3 Nc6 3. Bc4 Be7 4. d4 Na5 5. Bb3 Nxb3 6. cxb3 exd4 7. Nxd4 Nf6
8. Nc3 c6 9. O-O b5 10. Bf4 Bb7 11. Re1 b4 12. e5 Ng8 13. Ne4 c5 14. Nd6+ Bxd6
15. exd6+ Kf8 16. Nb5 g5 17. Bg3 a6 18. Nc7 Rc8 19. Re8+ Qxe8 20. Nxe8 Rxe8 21.
Qg4 Re6 22. Qxg5 h6 23. Qxc5 Bc6 24. Bh4 Nf6 25. Bxf6 Rg8 26. Be7+ Ke8 27. f3
f6 28. Qxb4 Re2 29. Qc4 Rgxg2+ 30. Kf1 Ref2+ 31. Ke1 Rxb2 32. Kf1 Bb5 33. Qxb5
axb5 34. Bxf6 Rbf2+ 35. Ke1 Rxf3 36. Be7 Rh3 37. Kf1 Rhxh2 38. Bf6 Rg6 39. Re1+
Kf7 40. Be7 Rh1+ 41. Ke2 Rxe1+ 42. Kxe1 Rg2 43. a4 b4 44. Kd1 Rb2 45. Kc1 Rxb3
46. Kc2 Rc3+ 47. Kb2 Ra3 48. Kc2 Ke6 49. a5 Kd5 50. Bf8 h5 51. Be7 Kc4 52. Kb2
Rxa5 0-1

[Event "Olexuv memorial 2015"]
[Site "?"]
[Date "2015.12.29"]
[Round "6.14"]
[White "Glacner, Karel"]
[Black "Schoebel, Thomas"]
[Result "1-0"]
[WhiteElo "1607"]
[BlackElo "1435"]
[PlyCount "65"]
[SourceDate "2015.12.30"]

1. e4 c5 2. b4 cxb4 3. c4 bxc3 4. Nxc3 e6 5. Bc4 a6 6. Nf3 b5 7. Bb3 Bb7 8. Bb2
Nf6 9. e5 Ne4 10. O-O Nxc3 11. Bxc3 Nc6 12. d4 Ba3 13. d5 Na5 14. dxe6 fxe6 15.
Nd2 Nxb3 16. axb3 Qg5 17. Nf3 Qe7 18. Qe2 b4 19. Bd4 O-O 20. Qe3 Bxf3 21. Bc5
Qf7 22. Bxf8 Rxf8 23. Qxf3 Qxf3 24. gxf3 Rxf3 25. Rab1 Rd3 26. Rfd1 Rxd1+ 27.
Rxd1 Bb2 28. f4 a5 29. Kf2 Bc3 30. Rxd7 a4 31. bxa4 b3 32. Rb7 b2 33. Kf3 1-0

[Event "Olexuv memorial 2015"]
[Site "?"]
[Date "2015.12.30"]
[Round "6.6"]
[White "Spodny, Josef"]
[Black "Cip, Dalibor"]
[Result "1/2-1/2"]
[WhiteElo "1926"]
[BlackElo "2164"]
[PlyCount "212"]
[EventDate "2015.??.??"]
[SourceDate "2016.01.01"]

1. d4 Nf6 2. Nf3 g6 3. Bg5 Bg7 4. Nbd2 O-O 5. e3 d6 6. Bc4 c5 7. O-O Nc6 8. c3
Bf5 9. Qe2 d5 10. Bxf6 Bxf6 11. Bd3 Bxd3 12. Qxd3 b6 13. Rfd1 cxd4 14. exd4 Qd6
15. Re1 Rab8 16. a4 Rbc8 17. Re2 Rfd8 18. Rae1 Qf4 19. g3 Qg4 20. Kg2 Qd7 21.
Qb5 Qb7 22. Qd3 Qd7 23. h3 e6 24. Ra1 Bg7 25. Qb5 Qc7 26. Qd3 Ne7 27. Qb5 Nc6
28. Qd3 Na5 29. Rae1 Nb7 30. Ne5 Nd6 31. Qb1 Qb7 32. Qd3 a6 33. Ra1 Ra8 34.
Ree1 Bxe5 35. Rxe5 b5 36. axb5 axb5 37. Ree1 b4 38. Qc2 Rdc8 39. Qb3 Rab8 40.
Rec1 Nc4 41. Nf3 Qe7 42. cxb4 Rxb4 43. Qa2 Rcb8 44. Rc2 Qb7 45. Qa7 Rxb2 46.
Qxb7 R2xb7 47. Raa2 Kg7 48. Kf1 Rb1+ 49. Kg2 R8b7 50. Nd2 R1b4 51. Nf3 Rb2 52.
Nd2 R2b4 53. Nf3 Nd6 54. g4 h6 55. Kf1 Ne4 56. Ra8 Rb1+ 57. Kg2 Rd1 58. Raa2
Kf6 59. Rab2 Ra7 60. Ra2 Re7 61. Ra4 Rb7 62. Raa2 Rdb1 63. Ra4 R1b3 64. Raa2
Ng5 65. Ng1 Rd3 66. h4 Ne4 67. Nf3 Kg7 68. Rab2 Rbb3 69. Rxb3 Rxb3 70. Ra2 Rb4
71. g5 hxg5 72. hxg5 Nd6 73. Rd2 Nf5 74. Kf1 Kf8 75. Kg2 Ke7 76. Ne5 Rb7 77.
Nf3 f6 78. gxf6+ Kxf6 79. Kh3 Rb4 80. Rd1 Nd6 81. Kg2 Ne4 82. Ne5 Rb2 83. Nd3
Kf5 84. Re1 Rd2 85. Re3 Kf6 86. Rf3+ Kg7 87. Kf1 Ra2 88. Kg2 Ra7 89. Ne5 g5 90.
Rb3 Kf6 91. Rf3+ Kg7 92. Rb3 Ra4 93. Rb7+ Kg8 94. Rb8+ Kg7 95. Rb7+ Kh6 96. Rb6
Rxd4 97. Rxe6+ Kg7 98. Rg6+ Kh7 99. f3 Rd2+ 100. Kg1 Nc3 101. Rxg5 d4 102. Nd7
d3 103. Nf6+ Kh6 104. Rg4 Ne2+ 105. Kf1 Ra2 106. Ng8+ Kh5 1/2-1/2

[Event "Olexuv memorial 2015"]
[Site "?"]
[Date "2015.12.30"]
[Round "7.1"]
[White "Borovicka, Bohumil"]
[Black "Micka, Norbert"]
[Result "1/2-1/2"]
[WhiteElo "2019"]
[BlackElo "1816"]
[PlyCount "89"]
[EventDate "2015.??.??"]

1. d4 Nf6 2. Bf4 g6 3. e3 Bg7 4. Nf3 O-O 5. Be2 d6 6. O-O Nbd7 7. h3 c5 8. c3
b6 9. Nbd2 Bb7 10. a4 cxd4 11. exd4 Re8 12. Nc4 d5 13. Nce5 Rf8 14. Bd3 Nxe5
15. Bxe5 Nd7 16. Bxg7 Kxg7 17. Re1 Nf6 18. Ne5 Qd6 19. Qe2 Rad8 20. Qe3 Ng8 21.
f4 f6 22. Nf3 Bc8 23. a5 e6 24. Ra2 Rf7 25. Rea1 Rdd7 26. g4 Rc7 27. Kg2 Ne7
28. h4 Nc6 29. axb6 axb6 30. Rh1 e5 31. dxe5 fxe5 32. Nxe5 Nxe5 33. Qxe5+ Qxe5
34. fxe5 Bxg4 35. Re1 Ra7 36. Rxa7 Rxa7 37. Kg3 Be6 38. Be2 Rf7 39. Bd3 Ra7 40.
Rf1 Rf7 41. Rxf7+ Bxf7 42. Kf4 Kf8 43. Kg5 Kg7 44. Ba6 Be6 45. Bd3 1/2-1/2